Facultad de Derecho – Universidad Nacional de Mar del Plata

Colonizar el dolor (Record no. 3833)

MARC details
000 -CABECERA
campo de control de longitud fija 00578nam a22001817a 4500
020 ## - NUMERO INTERNACIONAL NORMALIZADO PARA LIBROS (ISBN)
International Standard Book Number 9789871183906
080 ## - NUMERO DE CLASIFICACION DECIMAL UNIVERSAL (CDU)
Número de la Clasificación Decimal Universal 342 m 946
100 ## - ASIENTO PRINCIPAL--NOMBRE PERSONAL
Nombre personal Murillo, Susana
245 ## - MENCION DE TITULO
Título propiamente dicho Colonizar el dolor
Parte restante del título la interpelaciòn ideològica del banco Mundial en Amèrica latina. El caso argentino desde Blumberg a Cromañòn
260 ## - PUBLICACION, DISTRIBUCION, ETC. (PIE DE IMPRENTA)
Lugar de publicación, distribución, etc. Buenos Aires
Nombre del editor, distribuidor, etc. Consejo latinoamericano de Ciencias Sociales
Fecha de publicación, distribución, etc. 2008
300 ## - DESCRIPCION FISICA
Extensión 368 P.
Dimensiones 23 X 16 Cm.
490 ## - MENCION DE SERIE
Mención de serie Becas e Investigaciòn
650 ## - ASIENTO SECUNDARIO DE MATERIA - TERMINO TEMATICO
Subdivisión general Blumberg
650 ## - ASIENTO SECUNDARIO DE MATERIA - TERMINO TEMATICO
Subdivisión general Cromañon
650 ## - ASIENTO SECUNDARIO DE MATERIA - TERMINO TEMATICO
Subdivisión general ideologias
942 ## - ELEMENTOS AGREGADOS (KOHA)
Clasificación normalizada de Koha para alfabetizar _
945 ## - INFORMACION DE PROCESAMIENTO LOCAL
Responsable de carga/modificación Celeste Delía
AAAA-MM-DD - Fecha de ingreso/modificación 2015-04-30
Holdings
Retirado Perdido Dañado No se presta Ubicación permanente Locación actual Estante o sala Fecha de adquisición Total préstamos Signatura topográfica Inventario Ultima fecha vista Fecha del precio Tipo de item de Koha
        Bib. Derecho Bib. Derecho Biblioteca Graduados 30/04/2015   342 m 946 300117 30/04/2015 30/04/2015 LIBRO (Consulta)

XHTML | CSS | ©Biblioteca Central - Dto. Tecnología de la Información - [ Con tecnología Koha ]